Feeling the pinch (Record no. 65101)

MARC details
000 -LEADER
fixed length control field 01206cam a2200229 4500
001 - CONTROL NUMBER
control field ABS62953
008 - FIXED-LENGTH DATA ELEMENTS--GENERAL INFORMATION
fixed length control field 000000n2000 000 0 eng u
035 ## - SYSTEM CONTROL NUMBER
System control number (Sirsi) u109005
100 ## - MAIN ENTRY--PERSONAL NAME
Personal name Bingham, T.
245 ## - TITLE STATEMENT
Title Feeling the pinch
260 ## - PUBLICATION, DISTRIBUTION, ETC.
Date of publication, distribution, etc. 2000
490 ## - SERIES STATEMENT
Series statement Building
Volume/sequential designation 265(8158) 20 October 2000, 63(1)
520 ## - SUMMARY, ETC.
Summary, etc. Discusses the case of "George Jones v The Mayor & Burgesses of the Tower Hamlets LBC". In this an architect, Jones, believing that Tower Hamlets had copied his design and scheme for 80 new homes at Armagh Road, Bow, sued the latter for breach of copyright. He lost the case handsomely. Considers the implications of the ruling. The key implication is that you cannot copy an architect's artistic work, but he is not protected from others following ideas embodied in the work. An architect may legitimately inspect an original plan and then, having observed the architectural concept and style, apply these to his own original plan.
590 ## - LOCAL NOTE (RLIN)
Local note ABS
650 ## - SUBJECT ADDED ENTRY--TOPICAL TERM
Topical term or geographic name entry element BUILDING DESIGNS
650 ## - SUBJECT ADDED ENTRY--TOPICAL TERM
Topical term or geographic name entry element ARCHITECTS
650 ## - SUBJECT ADDED ENTRY--TOPICAL TERM
Topical term or geographic name entry element COPYRIGHT
650 ## - SUBJECT ADDED ENTRY--TOPICAL TERM
Topical term or geographic name entry element JONES V TOWER HAMLETS LBC
650 ## - SUBJECT ADDED ENTRY--TOPICAL TERM
Topical term or geographic name entry element INFRINGEMENT
690 ## - LOCAL SUBJECT ADDED ENTRY--TOPICAL TERM (OCLC, RLIN)
Topical term or geographic name as entry element BUILT ENVIRONMENT-CONSTRUCTION DESIGN
942 ## - ADDED ENTRY ELEMENTS (KOHA)
Suppress in OPAC 0
Holdings
Withdrawn status Lost status Source of classification or shelving scheme Damaged status Not for loan Home library Current library Shelving location Date acquired Total Checkouts Full call number Barcode Date last seen Copy number Price effective from Koha item type
    Dewey Decimal Classification     London London Journal article 27/10/2000   ABS62953 109005-1001 06/08/2019 1 06/08/2019 Journal article